Estadísticas para Provincias españolas de la Sierra Morena

Haz click aquí para intentar la prueba.

Estadísticas generales

  • Esta prueba ha sido intentada 722 veces
  • La puntuación promedio es 5 de 6

Estadísticas de respuestas

Provincias% Correcto
Córdoba
96%
Sevilla
95%
Jaén
94%
Ciudad Real
84%
Huelva
83%
Badajoz
81%

Distribución de puntuación

Porcentaje por número respondido

Porcentaje de gente con cada puntuación

Historial de tus puntuaciones

No has intentado esta prueba.